Shah Alam II and his court : (Record no. 28126)
[ view plain ]
| 000 -LEADER | |
|---|---|
| fixed length control field | 00765nam a22002052a 4500 |
| 001 - CONTROL NUMBER | |
| control field | 28126 |
| 003 - CONTROL NUMBER IDENTIFIER | |
| rucl marc code | BD-RjUL |
| 005 - DATE AND TIME OF LATEST TRANSACTION | |
| control field | 20211209051236.0 |
| 008 - FIXED-LENGTH DATA ELEMENTS--GENERAL INFORMATION | |
| fixed length control field | 140329s1947 ii f 000 0 eng d |
| 035 ## - SYSTEM CONTROL NUMBER | |
| System control number | (BD-RjUL)28207 |
| 040 ## - CATALOGING SOURCE | |
| Original cataloging agency | CLE |
| Transcribing agency | CLE |
| Modifying agency | OCL |
| -- | BD-RjUL |
| Language of cataloging | eng |
| 041 ## - LANGUAGE CODE | |
| Language code of text/sound track or separate title | eng |
| 082 ## - DEWEY DECIMAL CLASSIFICATION NUMBER | |
| Classification number | 954.0237 |
| Author mark and year | POS 1947 |
| 100 1# - MAIN ENTRY--PERSONAL NAME | |
| Personal name | Polier, |
| Fuller form of name | (Antoine-Louis-Henri), |
| Dates associated with a name | 1741-1795. |
| 9 (RLIN) | 86211 |
| 245 10 - TITLE STATEMENT | |
| Title | Shah Alam II and his court : |
| Remainder of title | a narrative of the transactions at the court of Delhy from the year 1771 to the present time / |
| Statement of responsibility, etc. | ed. with introd., notes and appendices by Pratul C. Gupta |
| 260 ## - PUBLICATION, DISTRIBUTION, ETC. (IMPRINT) | |
| Place of publication, distribution, etc. | Calcutta : |
| Name of publisher, distributor, etc. | S.C. Sarkar and sons, |
| Date of publication, distribution, etc. | 1947 |
| 300 ## - PHYSICAL DESCRIPTION | |
| Pagination | vi, 116 p. : |
| Illustrations | plates ; |
| Size | 20 cm. |
| 700 1# - ADDED ENTRY--PERSONAL NAME | |
| Personal name | Gupta, Pratulacandra, |
| Dates associated with a name | 1910- |
| 942 ## - ADDED ENTRY ELEMENTS (KOHA) | |
| Source of classification or shelving scheme | Dewey Decimal Classification |
| Koha item type | Books |
| Lost status | Source of classification or shelving scheme | Damaged status | Not for loan | Collection code | Permanent Location | Current Location | Shelving location | Date acquired | Source of acquisition | Cost, normal purchase price | Total Checkouts | Full call number | Date last seen | Copy number | Koha item type |
|---|---|---|---|---|---|---|---|---|---|---|---|---|---|---|---|
| Dewey Decimal Classification | Added to bundle | Non-fiction | Central Library, University of Rajshahi | Central Library, University of Rajshahi | Reading Room | 12/02/1962 | OMENT LIB | 6.36 | 954.0237 POS 1947 | 29/03/2014 | C-1 | Books |